00606nam a2200193Ia 4500003000900000008004100009040001600050080001700066100003000083245008900113260002700202300001900229650001300248650001500261650002400276942000700300999001300307952009200320IN-BaIIA211028s9999 xx 000 0 eng d cIIA Library a521.1bPON-1 aPontecoulant, G. de91478 0aTheorie analytique du systeme du mondebtome premier (in French)cG. de Pontecoulant aParisbBachelierc1829 axxviiij, 508p. aArchives aAstrometry aCelestial Mechanics cBK c686d686 00104070aBANbBANcGENd0000-00-00l0o521.1/ PON-1p709r2021-11-05w0000-00-00yBK